| 000 | 00537nam a22001457a 4500 | ||
|---|---|---|---|
| 082 | _a620.005 | ||
| 100 | _aHaque, Ikram Ul | ||
| 245 |
_aAnalysis and Optimization of Heat Treatment Parameters using Taguchi's Robust Design Mythology to a Process A Case Study / _cIkram Ul Haque |
||
| 260 |
_aIslamabad : _bCEME - NUST, _c2014. |
||
| 300 |
_a73 p. ; _c30cm. |
||
| 650 |
_aEngineering Management-MS-Thesis _916065 |
||
| 700 |
_aDr. Akhtar Nawaz Malik _916099 |
||
| 942 |
_2ddc _cTHE |
||
| 999 |
_c536492 _d536492 |
||